Statistiche per Riconosci lo Stato - Quiz n°188

Clicka qui per fare il quiz!

Statistiche generali

  • Questo quiz è stato fatto 7 volte
  • Il punteggio medio è 8 su 13

Statistiche sulle risposte

IndizioRisposta% Corretto
Fuso OrarioUTC-4:30
100%
Popolazione97 928 ab.
83%
Indipendenzadal Regno Unito,
1º novembre 1981
83%
Superficie443,9 km²
67%
ValutaDollaro
67%
Primo ministroGaston Browne
67%
Iniziale della CapitaleS
67%
ISU0,778
50%
Tasso di crescita0,83%
50%
PIL (nominale)1 370 milioni di $
50%
Forma di GovernoMonarchia costituzionale (Reame del Commonwealth)
50%
RispostaAntigua e Barbuda
33%
ReCarlo III
Governatore generale: Sir Rodney Williams
33%

Distribuzione punteggi

Percentile per numero di risposta

Percentuale di utenti per punteggio

I tuoi punteggi nel tempo

Non hai fatto questo quiz